000 00299nam a2200121Ia 4500
005 20251222144709.0
008 251222s9999||||xx |||||||||||||| ||spa||
082 _a510/H89
100 _aHuisa de la Cruz, José
245 0 _aManual de Razonamiento Matemático
264 _bSan Marcos
942 _cLIB
999 _c17763
_d17763